00493nam a22001457a 450000500170000001000150001702000270003203500140005903700090007308200110008224501160009326000440020927000680025330000260032120220207152132.0 aENG-131440 a9789391490478c1080.00 aEN-114972 bDBAD a327.54 aAsean-India:bStrengthening Partnership and Post-Pandemic Future/cEdited by Prabir De, Suthipahand Chirathivat aNew DelhibKW Publishers Pvt. Ltdc2022 a4676/21, First Floor, Ansari Road, DaryaganjbNew Delhie110002 axix, 237p.c24cm(hbk)